Miasta w Zagłębiu Ruhry - nagła śmierć - Statystyki

Ogólne statystyki
  • Ten quiz został rozwiązany 56 razy
  • Średni wynik to 3 z 10
Answers on the Grid
Answers color-coded by a green-red scale on the quiz's grid according to % correct below.
Bochum
Bonn
Bottrop
Dortmund
Duisburg
Düsseldorf
Essen
Gelsenkirchen
Hagen
Herne
Kolonia
Leverkusen
Mülheim an der Ruhr
Münster
Oberhausen
Wuppertal
 
Statystyki odpowiedzi
Odpowiedź % Poprawnych
Bochum
68%
Dortmund
58%
Duisburg
48%
Gelsenkirchen
48%
Essen
29%
Hagen
16%
Oberhausen
16%
Bottrop
13%
Herne
13%
Mülheim an der Ruhr
13%
Nie znaleziono quizów pasujących do podanych kryteriów
Rozkład punktacji
Procent ludzi z każdym wynikiem
Percentyl według liczby udzielonych odpowiedzi
Twoja historia wyników
Nie rozwiązałeś tego quizu